000 02404nam0a2200361 i 4500
001 RU\NLR\BIBL_A\011451032
005 20260408125048.0
010 _a9785906917386
021 _aRU
_b2017-50474
_93623
035 _a(RuMoRGB)008934379
035 _a(NLR Aleph) 011451032
090 _a11752784
_c11752784
100 _a20170808d2017 km y0rusy50 ca
101 0 _arus
102 _aRU
105 _ay|||z|||100zy
200 1 _aГоризонты науки: гипотезы, факты, открытия
_eматериалы V Всероссийской с международным участием очно-заочной научно-исследовательской конференции педагогов, учащихся и студентов, Волгоград - Котово, 14-15 апреля 2016 г.
_f[научный редактор М. А. Десятериченко]
210 _aМосква
_cПланета
_d2017
215 _a415 с.
_d21
300 _aВ надзаг.: ГАУ ДПО "Волгоград. гос. акад. последиплом. образования", ФГБОУ ВО "Волгоград. гос. аграр. ун-т", ФГБОУ ВО "Волгоград. гос. ун-т" [и др.]
320 _aБиблиогр. в конце ст.
606 _aШколы
_jСъезды, совещания и т.п
_xНаучно-исследовательская работа учащихся
_92299077
_3RU\NLR\AUTH\661376556
606 1 _aПедагогические технологии
_jСъезды, совещания и т.п
_xСредняя школа
_92469853
_3RU\NLR\AUTH\661467008
686 _aЧ30я431(2Р)
_2rubbk
686 1 _aЧ421.268я431
686 1 _aЧ421.2я431
702 1 _aДесятериченко
_bМ. А.
_gМарина Александровна
_4340
711 1 2 _a"Горизонты науки: гипотезы, факты, открытия", всероссийская с международным участием очно-заочная научно-исследовательская конференция педагогов, учащихся и студентов
_d5
_eВолгоград/Котово
_f2016
_9565912
_3RU\NLR\AUTH\880451125
942 _cBOOK
980 _aNBR